[Event "St Chely d'Aubrac op 10th"]
[Site "St Chely d'Aubrac"]
[Date "2010.07.13"]
[Round "5"]
[White "Colombo, Maceo"]
[Black "Kirchhoff, Matthieu"]
[Result "0-1"]
[WhiteElo "1199"]
[BlackElo "1581"]
[PlyCount "92"]
[EventDate "2010.07.10"]
[EventType "swiss"]
[EventRounds "9"]
[EventCountry "FRA"]
[SourceTitle "CBM 137 Extra"]
[Source "ChessBase"]
[SourceDate "2010.09.01"]
[SourceVersion "1"]
[SourceVersionDate "2010.09.01"]
[SourceQuality "1"]

1. e4 c5 2. Nf3 Nc6 3. Bc4 e6 4. d3 Nf6 5. Bg5 Be7 6. Nc3 h6 7. Bh4 0-0 8. 0-0 d6 9. d4 cxd4 10. Nxd4 e5 11. Nf5 Bxf5 12. exf5 Nd4 13. Bd3 Rc8 14. Ne4 Nxe4 15. Bxe7 Qxe7 16. Bxe4 Qd7 17. Qg4 Nxc2 18. Qg3 d5 19. Bxc2 Rxc2 20. Qxe5 Re8 21. Qd4 Qxf5 22. b3 b6 23. Qa4 Ree2 24. Qd4 Qe4 25. Qxe4 dxe4 26. h3 Rxa2 27. Rxa2 Rxa2 28. Re1 Rb2 29. Rxe4 Rxb3 30. Re8+ Kh7 31. Re7 a5 32. Rxf7 a4 33. Ra7 a3 34. f4 Kg6 35. Kh2 b5 36. h4 b4 37. g3 Rb2+ 38. Kh3 a2 39. g4 b3 40. f5+ Kf6 41. Kg3 Rb1 42. Kf4 a1Q 43. Rxa1 Rxa1 44. g5+ hxg5+ 45. hxg5+ Kf7 46. Ke5 Rg1 0-1

[Event "St Chely d'Aubrac op 10th"]
[Site "St Chely d'Aubrac"]
[Date "2010.07.12"]
[Round "4"]
[White "Guerry, Emilien"]
[Black "Colombo, Maceo"]
[Result "1/2-1/2"]
[WhiteElo "1650"]
[BlackElo "1199"]
[PlyCount "37"]
[EventDate "2010.07.10"]
[EventType "swiss"]
[EventRounds "9"]
[EventCountry "FRA"]
[SourceTitle "CBM 137 Extra"]
[Source "ChessBase"]
[SourceDate "2010.09.01"]
[SourceVersion "1"]
[SourceVersionDate "2010.09.01"]
[SourceQuality "1"]

1. e4 e5 2. Nf3 Nc6 3. Bb5 Bc5 4. 0-0 d6 5. b3 Bd7 6. c3 a6 7. Ba4 Nf6 8. d4 Bb6 9. Bg5 h6 10. Bh4 0-0 11. dxe5 dxe5 12. Bxf6 gxf6 13. Nh4 f5 14. exf5 Qxh4 15. Qxd7 Qe4 16. Qd2 Rad8 17. Qxh6 f6 18. Qg6+ Kh8 19. Qh6+ 1/2-1/2

[Event "St Chely d'Aubrac op 10th"]
[Site "St Chely d'Aubrac"]
[Date "2010.07.10"]
[Round "1"]
[White "Mourgues, Joelle"]
[Black "Colombo, Maceo"]
[Result "1-0"]
[WhiteElo "1797"]
[BlackElo "1199"]
[PlyCount "75"]
[EventDate "2010.07.10"]
[EventType "swiss"]
[EventRounds "9"]
[EventCountry "FRA"]
[SourceTitle "CBM 137 Extra"]
[Source "ChessBase"]
[SourceDate "2010.09.01"]
[SourceVersion "1"]
[SourceVersionDate "2010.09.01"]
[SourceQuality "1"]

1. Nf3 d5 2. d4 Nf6 3. Bf4 Nc6 4. c3 Bf5 5. h3 e6 6. e3 Bd6 7. Ne5 0-0 8. Be2 Ne4 9. Nd2 Qh4 10. Nxe4 Bxe4 11. g3 Qf6 12. Ng4 Qg6 13. 0-0 Bc2 14. Qd2 Na5 15. b3 Bxb3 16. Ne5 Bxe5 17. Bxe5 f6 18. Bxc7 b6 19. Bd6 Rfd8 20. Be7 Rd7 21. Bb4 Nc4 22. Qc1 Bc2 23. Bg4 Bd3 24. Bxe6+ Rf7 25. Bxd5 Qh5 26. Bxa8 Rf8 27. Bxf8 Kxf8 28. Bg2 Nd6 29. Qa3 Ke7 30. Qxa7+ Ke6 31. Qxb6 Ke7 32. Qc5 Qg6 33. Rfe1 Bc4 34. e4 Ke6 35. e5 Nb5 36. exf6+ Kxf6 37. Qe7+ Kf5 38. Be4# 1-0

[Event "St Chely d'Aubrac op 8th"]
[Site "St Chely d'Aubrac"]
[Date "2008.07.15"]
[Round "4"]
[White "Schneider, Martin"]
[Black "Colombo, Maceo"]
[Result "1-0"]
[WhiteElo "1199"]
[BlackElo "1099"]
[PlyCount "45"]
[EventDate "2008.07.13"]
[EventType "swiss"]
[EventRounds "9"]
[EventCountry "FRA"]
[SourceTitle "CBM 125 Extra"]
[Source "ChessBase"]
[SourceDate "2008.09.01"]
[SourceVersion "1"]
[SourceVersionDate "2008.09.01"]
[SourceQuality "1"]

1. e4 e5 2. Nf3 Nc6 3. Be2 Bc5 4. 0-0 Nf6 5. Nc3 0-0 6. d3 d6 7. Bd2 Bg4 8. h3 Bxf3 9. Bxf3 Nd4 10. a3 Nxf3+ 11. Qxf3 Bd4 12. b4 c6 13. Rab1 d5 14. Rfe1 h6 15. Re2 Qd7 16. Qg3 Nh5 17. Qf3 Nf6 18. Na2 c5 19. c3 dxe4 20. dxe4 h5 21. cxd4 Qxd4 22. Bc3 Qc4 23. Bxe5 1-0